000 00959nam a2200229 a 4500
001 47586
003 BD-RjUL
005 20211209054340.0
008 160809s1984 bg ||||| |||| 00| 0 ben d
020 _c: Tk. 30.00
035 _a(BD-RjUL)47705
040 _aBD-RjUL
_bben
_cBD-RjUL
041 _aben
082 _223
_a491.4409
_bISA 1984
100 _aইসলাম, মুস্তাফা নূরউল
_9144628
245 _aআমাদের মাতৃভাষা-চেতনা ও ভাষা আন্দোলন /
_cমুস্তাফা নূরউল ইসলাম
260 _aঢাকা :
_bজাতীয় গ্রন্থকেন্দ্র,
_c১৯৮৪
300 _a২১৬ পৃ. ;
_c২২ সেমি.
650 _aবাংলা সাহিত্য
_vইতিহাস ও সমালোচনা
_9117445
650 _aBangla Literature
_vHistory and Criticism
_9135419
942 _2ddc
_cBK
999 _c47586
_d47586